000 00738nam a22002417a 4500
005 20170124105935.0
010 _a942440
020 _c00.00
_a0233969195
035 _a942440
037 _bCen Lib/Ret
040 _aDPL
_bEN
082 _a029
_2ROW
100 _aRowley, J. E.
_99347
245 _aDissemination of information :
_cby J.E. Rowley [and] C.M.D. Turner
_bstate, the arts, and beyond /
260 _aLondon
_bAndre Deutsch
_c1978
270 _a105 Great Russel Street
_bLondon
300 _a356p.
_c22cm(Hb)
500 _aIncludes index
650 _aInformation technology
_990927
650 _aCommunication technology
_990928
700 _aTurner, C.M.D.
_990929
942 _2ddc
_cEN
_h029
_mROW
999 _c124110
_d124110